[Event "FIDE WCC 2018"]
[Site "Khanty-Mansiysk"]
[Date "2018.11.08"]
[Round "2.3"]
[White "Tokhirjonova, Gulrukhbegim"]
[Black "Tan, Zhongyi"]
[Result "1-0"]
[WhiteElo "2435"]
[BlackElo "2513"]
[Annotator "TA"]
[PlyCount "91"]
[EventDate "2018.11.03"]
[EventType "k.o."]
[EventCountry "RUS"]
[SourceTitle "playchess.com"]
[Source "ChessBase"]
[SourceQuality "1"]

{[%evp 10,91,11,12,10,13,4,10,16,14,9,11,4,14,27,18,42,25,31,29,62,27,72,30,70,22,59,67,71,47,65,12,22,23,21,9,12,21,29,12,95,74,87,54,101,75,97,75,68,75,71,80,140,52,53,52,36,27,119,127,104,105,288,229,1205,325,306,283,285,277,273,285,727,269,635,624,615,595,29990,29991,29991,29992,29998,29999]} 1. e4 e5 2. Nf3 Nc6 3. Bb5 Nf6 4. d3 Bc5 5. O-O Nd4 6. Be3 {LiveBook: 3 Games. C65: Ruy Lopez: Berlin Defence (3...Nf6), unusual lines and 4 0-0 Bc5} Nxf3+ 7. Qxf3 Bxe3 8. Qxe3 {The position is equal.} c6 9. Bc4 O-O 10. Bb3 d6 11. Nd2 Nd7 $146 ({Predecessor:} 11... Re8 12. f4 Be6 13. Kh1 exf4 14. Qxf4 {0-1 (52) Sutovsky,E (2647)-Jakovenko,D (2735) Poikovsky 2018}) 12. f4 Qe7 13. f5 Kh8 14. c3 Rd8 15. Rae1 f6 16. Kh1 Nf8 17. d4 Bd7 18. Nf3 a5 19. a3 b5 20. Qf2 ({White should play} 20. g4 $14) 20... Be8 21. g4 b4 22. Rg1 bxc3 23. bxc3 Rab8 24. Ba2 $36 {[%mdl 2048] White fights for an advantage.} Bf7 (24... Rb7 $11) 25. Bxf7 $16 Qxf7 26. g5 Rb3 27. gxf6 Qxf6 28. dxe5 dxe5 29. Qc5 Rb5 30. Qc4 h6 ({Black should try} 30... Rdb8) 31. Rg2 (31. Rxg7 $16 Qxg7 32. Rg1) 31... Rdb8 $14 32. Qa2 R8b7 33. Reg1 Qf7 (33... Rb3 $1 $11 {remains equal.}) 34. c4 $16 Rb3 35. Nxe5 Qe7 $2 (35... Qf6 $16 {was worth a try.} 36. Qa1 c5 37. Ng6+ Nxg6 38. Qxf6 (38. fxg6 Qe7 $11) (38. Rxg6 Qxa1 39. Rxa1 Re3 $11) 38... gxf6 39. Rxg6 Kh7) 36. Qa1 $18 ({Don't go for} 36. Rxg7 $2 Qxe5 37. Rxb7 (37. Rg8+ $2 Kh7 $19) 37... Qxe4+ 38. Qg2 Qxg2+ 39. Kxg2 Rxb7 $19) (36. Nxc6 $2 Qxe4 37. Nb4 (37. Nxa5 $2 Rb1 $19) 37... Rh3 $19) 36... Qh4 $2 {[#]} (36... Qf6 37. c5 R3b5 38. Ng6+ Nxg6) 37. Qd4 $2 (37. Rxg7 $3 {[%mdl 512]} Qxe4+ (37... Rxg7 38. Nf7+) 38. R7g2) 37... Qf6 38. Ng6+ Nxg6 39. Qxf6 gxf6 40. Rxg6 Rxa3 $2 (40... Kh7 41. Rxf6 Rxa3 42. Rxc6 Re3) 41. Rxf6 $2 {KRR-KRR} (41. Rxh6+ Rh7 42. Rxf6) 41... Re3 $2 (41... Kh7 42. Rxc6 Re3) 42. Rxh6+ Rh7 43. Rxc6 {[%cal Rc6c8] [#]} Rh4 44. Rc8+ {White mates.} Kh7 45. Rc7+ Kh6 46. Rg6+ {Precision: White = 40%, Black = 31%.} 1-0

[Event "FIDE WCC 2018"]
[Site "Khanty-Mansiysk"]
[Date "2018.11.08"]
[Round "2.3"]
[White "Zhu, Jiner"]
[Black "Pogonina, Natalija"]
[Result "1/2-1/2"]
[WhiteElo "2379"]
[BlackElo "2465"]
[Annotator "TA RC"]
[PlyCount "113"]
[EventDate "2018.11.03"]
[EventType "k.o."]
[EventCountry "RUS"]
[SourceTitle "playchess.com"]
[Source "ChessBase"]
[SourceQuality "1"]

{[%evp 15,113,25,23,19,21,22,27,14,20,17,20,20,27,24,34,39,36,35,39,39,40,32,44,35,46,21,20,17,18,6,16,0,23,0,0,0,28,0,4,-8,-9,-9,-8,-8,-4,-6,0,-16,-18,-20,-15,-25,-14,-12,0,0,4,0,0,0,10,11,54,15,43,0,0,0,0,0,54,51,956,952,944,935,935,857,850,0,833,0,0,0,0,0,8,8,8,0,0,0,8,0,0,0,8,0,0,0]} 1. e4 e5 2. Nf3 Nc6 3. Bc4 Bc5 4. b4 Bb6 5. a4 a6 6. Nc3 d6 {C50: Evans-Gambit} (6... Nf6 7. Nd5 d6 8. Nxb6 cxb6 9. d3 O-O 10. O-O Nxb4 11. c3 Nc6 12. Bg5 h6 13. Bh4 Be6 14. Bxe6 fxe6 15. Rb1 {0-1 (47) Grischuk,A (2750)-Carlsen,M (2832) chess.com INT 2017}) 7. Nd5 Ba7 8. d3 h6 {LiveBook: 5 Partien. Weiß hat minimalen Vorteil.} 9. c3 Nf6 10. O-O O-O 11. h3 Nxd5 12. Bxd5 Ne7 13. Bb3 Ng6 14. d4 $146 ({Vorgänger:} 14. Be3) 14... Qe7 15. Re1 Be6 16. Bc2 Bd7 17. Be3 Rfd8 18. Qd2 Qf6 19. Kh2 Be6 20. d5 Bd7 21. Bxa7 Rxa7 22. Qe3 Raa8 23. g3 c6 24. c4 Rac8 {[#] Weiss muss nun ...cxd5 beachten.} 25. Nd2 Qg5 26. dxc6 Rxc6 27. Bd3 Qxe3 28. Rxe3 a5 29. bxa5 Ra8 30. Rb1 Rc7 31. Rb6 Rxa5 32. Rxd6 Rxa4 33. Be2 Ra2 34. Nb1 Be6 35. Nc3 Rb2 36. Rd8+ Kh7 37. Nd5 $36 {[%mdl 2048] Schwarz steht unter Druck.} Rc5 38. Kg2 Ra5 39. Bh5 Rc2 40. Rb8 Raa2 41. Rf3 $1 {[#] Droht stark Sb4.} Rxc4 42. Rxb7 {Und Lg4 würde nun gewinnen.} Rd2 ({Besser ist} 42... Nh8 $11) 43. Bg4 $1 $14 {[%cal Rg4e6]} Bxg4 $4 {[%mdl 8192]} (43... Bxd5 $14 44. exd5 Nh8) 44. Rfxf7 $18 (44. hxg4 Nh8 $11) 44... Rxd5 45. Rxg7+ (45. hxg4 Rd6 $11) 45... Kh8 46. Rh7+ (46. hxg4 Rd6 $11) ({Und nicht} 46. Rxg6 Bc8 $11) 46... Kg8 47. Rhg7+ Kh8 $1 {Droht ...Td7.} 48. Rxg6 $2 ({Schwächer ist} 48. hxg4 Rd6 $11) (48. exd5 $18 Bc8 49. Rh7+ (49. Rxg6 Bxb7 50. Rxh6+ Kg7 $11) 49... Kg8 50. Rbg7+ Kf8 51. Rxg6) 48... Bc8 $11 {Die Stellung ist ausgeglichen.} 49. Rxh6+ Kg8 50. Rbh7 Rd2 51. Rh8+ Kf7 52. R8h7+ Kg8 53. Rh8+ Kf7 54. R8h7+ Kg8 55. Rh8+ Kf7 56. R8h7+ Kg8 57. Rh8+ {Precision: Weiß = 46%, Schwarz = 58%.} 1/2-1/2

[Event "FIDE WCC 2018"]
[Site "Khanty-Mansiysk"]
[Date "2018.11.08"]
[Round "2.4"]
[White "Lagno, Kateryna"]
[Black "Hoang, Thanh Trang"]
[Result "1-0"]
[WhiteElo "2556"]
[BlackElo "2448"]
[Annotator "TA"]
[PlyCount "101"]
[EventDate "2018.11.03"]
[EventType "k.o."]
[EventCountry "RUS"]
[SourceTitle "playchess.com"]
[Source "ChessBase"]
[SourceQuality "1"]

{[%evp 18,101,12,14,8,10,28,25,20,13,13,0,13,4,29,4,6,0,13,-10,0,-8,7,0,46,22,75,78,105,99,154,142,145,111,206,204,216,217,210,191,270,189,289,299,441,441,428,441,429,438,421,428,441,432,526,518,529,510,530,516,498,491,562,560,562,530,553,506,517,543,543,540,576,571,571,546,886,872,827,811,783,779,923,875,859,854]} 1. e4 e6 2. d4 d5 3. Nd2 Be7 4. Ngf3 Nf6 5. e5 Nfd7 6. Bd3 c5 7. c3 {C03: French Tarrasch: Unusual Black 3rd moves} b6 (7... Nc6 8. O-O g5 9. dxc5 Ndxe5 10. Bc2 Ng6 11. b4 O-O 12. Re1 f5 13. Nb3 g4 14. b5 gxf3 15. bxc6 bxc6 16. Qxf3 e5 17. Bh6 {1-0 (51) Mista,A (2595)-Bartel,M (2604) Warsaw 2018}) 8. O-O Ba6 9. Bxa6 Nxa6 10. Ne1 {LiveBook: 3 Games} O-O (10... b5 11. Qg4 O-O 12. Ndf3 Kh8 13. Nd3 Rc8 14. Nf4 Nc7 {1-0 (37) Lagno,K (2547)-Hoang,T (2439) Riadh 2017}) 11. Qg4 Nab8 12. Ndf3 Kh8 13. Nd3 Nc6 14. h4 $146 ({Predecessor:} 14. Nf4 Rc8 15. Nh5 Rg8 {½-½ (69) Lujan,C (2350)-Hoang,T (2423) Batumi 2018}) 14... Rc8 15. Bg5 Rg8 16. Qh5 {[#] Bxe7 is the strong threat.} f6 {And now ...g6 would win.} 17. exf6 gxf6 18. Bh6 {[%cal Bg5h6,Bh6f4,Bf4c7][%mdl 32]} Qe8 19. Qxe8 $40 {[%mdl 128] White is up to no good.} Rcxe8 20. Rfe1 Nd8 21. b3 Bd6 (21... Rg4 $11 {remains equal.}) 22. Bf4 $16 Bf8 23. Bc7 Nf7 (23... cxd4 $142 24. cxd4 (24. Nxd4 e5 $14) 24... Nc6) 24. Nf4 cxd4 25. cxd4 Bb4 (25... Rc8 $16 {is a better defense.}) 26. Rxe6 $18 Rxe6 27. Nxe6 Rc8 28. Bf4 b5 (28... Nf8 {might work better.}) 29. Rc1 Bc3 (29... Rxc1+ $142 30. Bxc1 Bd6) 30. Nc7 Bb2 (30... Ba5 $142 31. Nxd5 Rxc1+ 32. Bxc1 Kg7) 31. Rb1 {White is clearly winning.} Ba3 32. Nxb5 Bf8 33. Rc1 Rxc1+ 34. Bxc1 a5 35. Bd2 Bb4 36. Bxb4 axb4 {[%mdl 4096] Endgame KNN-KNN} 37. Nc7 Nb6 38. Na6 Nd6 39. Nxb4 Ne4 40. a4 {[%cal Ba2a4,Ba4a5][%mdl 32]} Nc3 41. a5 Nc8 42. Nc6 Kg7 43. g4 Kf7 44. g5 fxg5 45. Nxg5+ Kg6 46. Ne6 Kf6 47. Nc7 Kf5 48. a6 Ke4 49. Kf1 Kd3 50. a7 Nxa7 51. Nxa7 {Precision: White = 75%, Black = 26%.} 1-0

[Event "FIDE WCC 2018"]
[Site "Khanty-Mansiysk"]
[Date "2018.11.08"]
[Round "2.4"]
[White "Muzychuk, Mariya"]
[Black "Atalik, Ekaterina"]
[Result "1/2-1/2"]
[WhiteElo "2545"]
[BlackElo "2445"]
[Annotator "TA"]
[PlyCount "91"]
[EventDate "2018.11.03"]
[EventType "k.o."]
[EventCountry "RUS"]
[SourceTitle "playchess.com"]
[Source "ChessBase"]
[SourceQuality "1"]

{[%evp 11,91,20,23,-14,8,5,5,12,16,8,13,7,26,16,52,47,43,0,0,-8,0,-12,14,0,0,-31,-16,-11,-4,-26,-22,-30,-24,-53,-37,-34,-27,-51,-37,-36,-30,-22,-23,-39,-56,-42,0,-8,-8,-30,-8,-14,-13,-57,-58,-72,-64,-64,-13,-22,-14,-19,-19,-108,-64,-65,-68,-73,0,0,0,0,0,0,0,0,0,0,0,0,0,0]} 1. e4 c6 2. d4 d5 3. e5 Bf5 4. h4 h5 5. Bd3 Bxd3 6. Qxd3 {B12: Caro-Kann: Advance Variation} Qa5+ {LiveBook: 80 Games} 7. b4 (7. Nd2 e6 8. Ne2 Ne7 9. O-O Nf5 10. Nf3 Qa6 11. Qd1 c5 12. c3 Nc6 {0-1 (47) Antipov,M (2593)-Artemiev,V (2706) Sochi 2018}) 7... Qa6 8. Qb3 e6 9. Nf3 $146 ({Predecessor:} 9. Ne2 Nd7 10. Nd2 Ne7 11. Ng3 Qb6 12. Nf3 Nf5 13. Nxf5 Qxb4+ 14. Qxb4 Bxb4+ {1-0 (54) Kobo,O (2494)-Tica,S (2333) Paracin 2017}) 9... Ne7 10. Nc3 Nf5 11. Ne2 Nd7 12. a4 Qc4 13. Qxc4 dxc4 14. b5 (14. Bd2 $14) 14... c5 $11 15. dxc5 Bxc5 16. O-O f6 17. exf6 gxf6 18. Ba3 Bxa3 19. Rxa3 Kf7 20. Rd1 Rhd8 21. Raa1 Nc5 22. Nd2 Nxh4 23. Nxc4 Nf5 24. a5 Rac8 25. f3 h4 26. Kf2 e5 27. Ne3 Nxe3 28. Kxe3 Ne6 29. Rxd8 Rxd8 {[%mdl 4096] Endgame KRN-KRN} 30. Ra4 Rd5 31. b6 a6 32. c4 Rd1 33. c5 $1 {[%cal Rc5c6]} Nxc5 34. Rxh4 Rd3+ 35. Kf2 Ra3 36. Rh7+ Ke6 37. Ng3 (37. g4 $11) 37... Rxa5 {Strongly threatening ...Rb5.} 38. Ne4 $1 Nd7 {Hoping for ...Ra2+.} 39. g4 {[#]} Rb5 (39... Rd5 $1 $17 40. Rh8 a5) 40. g5 $1 {[%cal Rg5g6] The position is equal.} fxg5 41. Nxg5+ Kd6 42. Ne4+ Ke6 43. Rh6+ Ke7 44. Rh7+ Ke6 45. Rh6+ Ke7 46. Rh7+ {Precision: White = 52%, Black = 62%.} 1/2-1/2

[Event "FIDE WCC 2018"]
[Site "Khanty-Mansiysk"]
[Date "2018.11.08"]
[Round "2.4"]
[White "Kosteniuk, Alexandra"]
[Black "Ni, Shiqun"]
[Result "1-0"]
[WhiteElo "2543"]
[BlackElo "2436"]
[Annotator "TA"]
[PlyCount "139"]
[EventDate "2018.11.03"]
[EventType "k.o."]
[EventCountry "RUS"]
[SourceTitle "playchess.com"]
[Source "ChessBase"]
[SourceQuality "1"]

{[%evp 21,139,29,25,34,36,32,29,26,25,29,38,35,41,30,53,50,51,43,42,25,35,15,76,66,72,72,74,74,65,78,125,122,125,129,131,128,128,128,128,128,128,123,116,118,128,84,180,181,179,176,192,193,170,176,231,245,245,245,245,245,260,240,243,241,241,245,254,240,246,178,150,155,259,150,150,0,199,171,171,135,156,114,220,146,149,133,267,194,207,70,406,411,1195,1168,1204,1190,1118,1149,1083,1081,971,950,2379,2300,2208,1345,1933,2081,1862,1688,1156,1149,1724,1779,29981,29982,29981,29982,29981,29982]} 1. e4 e5 2. Nf3 Nf6 3. Nxe5 d6 4. Nf3 Nxe4 5. Nc3 Nxc3 6. dxc3 Be7 7. Be3 Nc6 8. Qd2 Be6 9. O-O-O Qd7 10. h3 a6 11. Kb1 O-O-O 12. Nd4 {C42: Petroff Defence: 3 Nxe5 and unusual White 3rd moves} (12. Be2 Bf6 13. Nd4 Bxd4 14. cxd4 d5 15. g4 f6 16. Rdg1 Na7 17. Rg3 Kb8 18. h4 h6 19. Bf4 g5 20. Be3 Nc8 21. f4 Nd6 22. Qb4 gxh4 23. Rxh4 f5 24. g5 {½-½ (24) Vallejo Pons,F (2705)-Li,C (2741) Palma de Mallorca 2017}) 12... Nxd4 13. Bxd4 Rhg8 14. Be2 {White has an edge.} c5 15. Be3 d5 16. Rhe1 $146 ({Predecessor:} 16. Bf4 h6 17. Bf3 Rge8 18. Rhe1 Qb5 19. Be2 Qc6 {½-½ (32) Dos Santos,M (2427)-Barreras Garcia,A (2418) ICCF email 2011}) 16... g6 17. Bf3 Qb5 18. Bg5 Rge8 19. Bxe7 Rxe7 20. Qg5 Red7 $1 21. Re5 b6 (21... Rd6 $11 {keeps the balance.}) 22. b3 $16 Rd6 23. Be2 Qa5 24. Kb2 $36 {[%mdl 2048] Keeping Black busy.} b5 25. Bg4 f6 26. Bxe6+ Rxe6 27. Qg4 f5 28. Qe2 Rxe5 29. Qxe5 {[%mdl 4096] Endgame KQR-KQR} Qc7 {[#]} 30. Qe6+ $1 Kb7 31. Rxd5 Rxd5 32. Qxd5+ {KQ-KQ} Kb6 33. Qe6+ Ka7 (33... Qc6 $16 34. Qxc6+ Kxc6) 34. g3 $18 Kb7 35. h4 Qc6 36. Qf7+ Qc7 37. Qd5+ Qc6 (37... Kb6 {is a better defense.} 38. h5 a5 39. Qe6+ Qc6) 38. c4 bxc4 39. Qxc4 Kb6 40. a3 Qf6+ 41. Qc3 Qe6 42. Qe3 Qf6+ 43. c3 Kc6 44. Qe8+ Kc7 45. f4 Qd6 46. Qe2 Kb6 (46... a5 $16 47. Qe3 Kb7) 47. Kc2 (47. b4 $18) 47... Qd5 48. Kb2 (48. c4 $16 Qc6 49. Kc3) 48... Qc6 $2 (48... Qd6 $1 $11 {and Black has nothing to worry.}) 49. a4 Qd5 50. Kc2 Qc6 51. Qf2 Qd5 (51... a5 $16 {was worth a try.} 52. Kb2 Qe4) 52. Kb2 Kc6 53. a5 Qe4 (53... Qd3 $16 54. Qe1 Kd7) 54. Qf1 Kb7 {[#]} 55. Ka3 ({White should try} 55. Qd1 $1 $18) 55... Qc2 $2 {[%mdl 8192]} ({Black should play} 55... Qe3 $14) 56. Qf3+ Kc7 (56... Qe4 $142 57. Qxe4+ fxe4) 57. Qe3 Kd6 58. Qe5+ Kc6 59. Qe6+ Kc7 60. Qb6+ Kd7 61. Qxc5 Qc1+ 62. Kb4 Qf1 63. Qa7+ Kc6 64. Qb6+ Kd7 65. Qd4+ Ke7 66. Qe3+ Kd6 67. c4 Qg2 68. Qe5+ {White mates.} Kc6 69. Qc5+ Kd7 70. Qd5+ {Precision: White = 74%, Black = 34%.} 1-0

[Event "FIDE WCC 2018"]
[Site "Khanty-Mansiysk"]
[Date "2018.11.08"]
[Round "2.4"]
[White "Tan, Zhongyi"]
[Black "Tokhirjonova, Gulrukhbegim"]
[Result "1/2-1/2"]
[WhiteElo "2513"]
[BlackElo "2435"]
[Annotator "TA"]
[PlyCount "144"]
[EventDate "2018.11.03"]
[EventType "k.o."]
[EventCountry "RUS"]
[SourceTitle "playchess.com"]
[Source "ChessBase"]
[SourceQuality "1"]

{[%evp 29,144,47,41,41,39,39,51,47,48,57,75,68,69,66,59,54,56,54,56,55,42,8,10,6,4,4,6,6,10,-95,-87,-106,-89,-103,-122,-144,-137,-185,-84,-190,-105,-174,-125,-125,-122,-162,-157,-160,-157,-159,-160,-161,-117,-133,-23,-52,-42,-60,-35,-83,-97,-90,-97,-142,-148,-340,-289,-343,-158,-152,-157,-156,-143,-177,-147,-177,-169,-177,-175,-145,-148,-179,0,-25,0,0,0,0,0,0,0,-28,0,-179,-179,-179,-179,-179,-179,-187,-187,-187,-179,-179,-179,-179,-179,-179,-68,-68,-68,-66,0,0,0,0,0]} 1. c4 e5 2. g3 Nf6 3. Bg2 d5 4. cxd5 Nxd5 5. Nf3 Nc6 6. O-O Be7 7. d4 exd4 8. Nxd4 Nxd4 9. Qxd4 Nf6 10. Qa4+ c6 11. Rd1 {A20: English Opening: 1...e5} Qb6 12. Be3 Bc5 13. Bxc5 Qxc5 14. b4 Qb6 15. Na3 O-O {LiveBook: 4 Games} 16. Nc4 Qc7 $1 17. Qa5 Qe7 18. Nb6 Rb8 19. Nxc8 Rfxc8 20. Qxa7 {[#]} Ra8 $146 ({Predecessor:} 20... Qxe2) 21. Qb6 Ra6 22. Qd4 Ra4 23. a3 Qxe2 24. Re1 Qa6 25. Rad1 {White threatens Qd8+! and mate.} h6 26. Bh3 Rf8 27. Qc5 {White wants to mate with Qxf8+!} Qa8 28. b5 Rxa3 29. b6 (29. bxc6 $11 {keeps the balance.} bxc6 30. Rc1) 29... Ra5 $17 30. Qc4 Rd5 31. Ra1 Qd8 32. Reb1 Rd4 33. Qc5 Qd6 (33... Ne4 $19 {has better winning chances.} 34. Qc2 Re8) 34. Qf5 (34. Qxd6 $17 {might work better.} Rxd6 35. Re1) 34... Rb4 (34... Ne4 $19 35. Bg2 g6) 35. Ra7 (35. Qa5 $17 Rxb1+ 36. Rxb1) 35... Rxb1+ 36. Qxb1 Rb8 37. Qf5 {next Rxb7! is good for White.} Qd8 38. Qe5 Nd5 $1 39. Ra4 Qe8 40. Qd4 {[#]} c5 $1 {[%mdl 512]} 41. Qa1 (41. Qxc5 Qxa4) 41... Nb4 (41... Nxb6 $17 42. Rg4 g5) 42. Bg2 Qd8 $36 {[%mdl 2048] Black has good play.} 43. Qe5 Nc6 44. Qf4 Qxb6 45. Bd5 Rf8 46. Kg2 Qd8 47. Ba2 $2 (47. Bxc6 $17 {is a better defense.} bxc6 48. Ra1) 47... Nd4 48. Ra7 Qb8 (48... Qb6 $19 {is more deadly.} 49. Ra3 c4 $1 {[%mdl 512]}) 49. Bxf7+ Kh8 50. Qxb8 Rxb8 {[%mdl 4096] Endgame KRB-KRN} 51. h4 b5 52. Rc7 b4 53. Rxc5 b3 54. Bg6 b2 55. Bb1 {[#]} Kg8 $2 (55... Nb5 $1 $19 {aiming for ...Na3.} 56. Bd3 Na3) 56. Rd5 Ne2 57. Rc5 Rb3 58. Bg6 {[%cal Rc5c8]} Rb8 $1 59. Bb1 $1 Rb3 60. Re5 Nc3 61. Bg6 $2 (61. Re3 $1 $11 {and White stays safe.}) 61... Rb8 $19 62. Rc5 b1=Q 63. Bxb1 Nxb1 {KRN-KR} 64. h5 Nd2 65. g4 Rf8 66. Rc7 Ne4 67. f3 Ng5 68. Rc3 g6 (68... Rf4 $19 {White must now prevent ...Rb4.} 69. Ra3 Rc4) 69. hxg6 $15 Kg7 70. Kg3 Rxf3+ ({Better is} 70... Rf6 $15 71. Rd3 Kxg6) 71. Rxf3 $11 Nxf3 72. Kxf3 Kxg6 {Precision: White = 39%, Black = 56%.} 1/2-1/2

[Event "FIDE WCC 2018"]
[Site "Khanty-Mansiysk"]
[Date "2018.11.08"]
[Round "2.4"]
[White "Harika, Dronavalli"]
[Black "Khotenashvili, Bela"]
[Result "1/2-1/2"]
[WhiteElo "2498"]
[BlackElo "2477"]
[Annotator "TA"]
[PlyCount "149"]
[EventDate "2018.11.03"]
[EventType "k.o."]
[EventCountry "RUS"]
[SourceTitle "playchess.com"]
[Source "ChessBase"]
[SourceQuality "1"]

{[%evp 14,148,34,31,31,16,15,21,12,22,41,41,54,41,59,66,60,59,66,59,59,59,61,50,64,61,70,51,69,55,63,25,46,22,48,38,35,31,41,37,78,84,81,72,81,79,82,24,42,7,54,54,54,55,56,39,54,54,54,49,50,31,37,37,37,35,42,35,60,0,26,24,86,96,103,99,85,39,40,35,100,58,356,356,338,344,304,250,243,122,129,114,114,112,114,20,13,24,139,131,151,83,89,125,107,29,87,87,86,89,288,89,89,0,301,315,711,654,612,543,446,312,584,584,411,17,17,17,93,30,52,63,127,0,0,0,0]} 1. e4 c6 2. Nc3 d5 3. Nf3 dxe4 4. Nxe4 Nf6 5. Qe2 Nxe4 6. Qxe4 Be6 {B11: Caro-Kann: Two Knights Variation} (6... Qd5 7. Qe3 Bf5 8. d3 Nd7 9. Bd2 e5 10. Bc3 f6 11. Be2 Bc5 12. d4 Bb6 13. Qd2 e4 14. Qe3 {0-1 (56) Zvjaginsev,V (2644)-Riazantsev,A (2649) Cheliabinsk 2018}) 7. b3 Nd7 8. Bb2 {LiveBook: 3 Games} Nf6 {White is slightly better.} 9. Qe2 $146 ({Predecessor:} 9. Qe5 Bg4 10. Qf4 e6 11. Bd3 Bh5 12. Ne5 Bg6 13. Nxg6 hxg6 14. Qf3 {1-0 (54) Buksa,N (2357)-Girya,O (2470) Stary Smokovec 2018}) 9... Bf5 10. Nh4 {[%cal Bf3h4,Bh4f5,Bf5e3,Be3c4][%mdl 32]} Bg4 11. f3 Bd7 12. g3 e6 13. Nf5 Qa5 14. Ne3 Be7 15. Nc4 Qd8 16. Bg2 O-O 17. O-O a5 18. a4 Nd5 19. f4 Re8 20. Kh1 Bf8 21. Ne5 f6 22. Ng4 Qe7 23. Rae1 Qf7 24. Bf3 Rad8 25. Nf2 Bc8 26. Ne4 Be7 27. Bh5 g6 28. Bf3 Qf8 29. Bg2 Nb4 30. Qd1 (30. d3 $16) 30... f5 31. Ng5 Bf6 (31... Bxg5 $5 32. fxg5 Qc5 $11) 32. Bxf6 Qxf6 33. Re5 b6 34. Rfe1 c5 35. d3 h6 36. Nf3 Bb7 37. Qe2 Bxf3 38. Bxf3 Rd6 39. Qd2 Kf7 40. R1e3 Qd8 41. Qe2 (41. Kg1 $14) 41... Qd7 42. g4 Nc6 {[#]} (42... fxg4 $11 43. Bxg4 Nc6) 43. gxf5 $1 $16 {[%mdl 512]} Nxe5 (43... exf5 44. Rxe8) 44. fxe5 Rd4 45. fxg6+ Kg7 46. Be4 Rf8 (46... Qe7 $1 $14) 47. c3 {[%cal Bc2c3,Bc3c4][%mdl 32]} Rd5 $2 {[%mdl 8192]} (47... Rxe4 $1 $14 48. Rxe4 (48. dxe4 Kxg6 49. Rg3+ Kh7 $16) 48... Rf5) 48. Qh5 $1 $18 {And now Rh3 would win.} Qd8 49. Rh3 $1 Rh8 50. Bxd5 Qxd5+ {[%mdl 4096] Endgame KQR-KQR} 51. Qf3 (51. Kg1 $1 $18 {Strongly threatening Rf3.} Qxb3 52. Rf3 Qd1+ 53. Kg2 Qd2+ 54. Kh3) 51... Rd8 52. c4 $1 {[%cal Rc4d5]} Qxf3+ 53. Rxf3 Kxg6 $16 {KR-KR} 54. Kg2 (54. Rf6+ $16 Kg5 55. Rxe6) 54... Kg5 $11 55. Kf2 h5 (55... Rd4 $1 $11) 56. Ke3 $16 Kg4 {Hoping for ...Rxd3+!} 57. Rf6 (57. Rg3+ $142 $1 Kf5 58. h4 Kxe5 59. Rg5+ Kf6 60. Rxh5) 57... Re8 58. d4 h4 59. Rh6 (59. Ke4 $16 {d5 is the strong threat.} cxd4 60. Kxd4) 59... Kh3 (59... Kg5 $1 $11 {remains equal.} 60. Rf6 h3) 60. Ke4 {Black must now prevent d5.} cxd4 61. Kxd4 Rd8+ $2 (61... Kg4 $16 62. Ke4 Re7) 62. Ke4 $2 (62. Kc3 $1 $18 {and the rest is easy.}) 62... Re8 63. Kd4 $2 (63. Kf4 $16) 63... Rd8+ $1 $18 {[#]} 64. Kc3 $1 Rf8 $2 (64... Re8 65. b4 Kg4 66. bxa5 bxa5) 65. Rxe6 Kxh2 66. Rxb6 h3 {[%cal Bh4h3,Bh3h2][%mdl 32]} 67. Kd4 Rh8 $2 (67... Rf4+ 68. Ke3 Rf5) 68. Rg6 Kh1 {[#]} 69. e6 $2 ({Only move:} 69. c5 $1 $18) 69... h2 $1 $11 70. e7 Rh4+ 71. Kd5 Rd4+ $1 72. Kc6 Rxc4+ 73. Kd7 (73. Kb6 $16 Re4 74. Rg7) 73... Rc7+ $1 74. Kd8 $2 {[%mdl 8192]} (74. Ke8 Rxe7+ 75. Kxe7) 74... Rxe7 75. Kxe7 {Precision: White = 46%, Black = 49%.} 1/2-1/2

[Event "FIDE WCC 2018"]
[Site "Khanty-Mansiysk"]
[Date "2018.11.08"]
[Round "2.4"]
[White "Stefanova, Antoaneta"]
[Black "Saduakassova, Dinara"]
[Result "1/2-1/2"]
[WhiteElo "2490"]
[BlackElo "2474"]
[Annotator "TA"]
[PlyCount "95"]
[EventDate "2018.11.03"]
[EventType "k.o."]
[EventCountry "RUS"]
[SourceTitle "playchess.com"]
[Source "ChessBase"]
[SourceQuality "1"]

{[%evp 18,95,65,55,64,48,73,72,77,85,83,65,74,82,105,101,119,119,120,120,120,111,121,74,75,75,94,93,97,52,52,52,58,53,49,31,55,40,172,162,225,74,224,128,234,232,245,224,240,206,229,167,510,505,446,281,283,283,291,283,674,670,786,796,1408,348,6495,6431,5314,5310,1855,1680,1304,1141,1117,0,1162,0,826,0]} 1. d4 Nf6 2. Nf3 b6 3. e3 Bb7 4. Bd3 g6 5. c4 Bg7 6. O-O {A47: 1 d4 Nf6 2 Nf3 b6: Torre, London and Colle Systems} O-O 7. Re1 d6 8. e4 e5 9. d5 Nbd7 10. Nc3 {LiveBook: 3 Games} a5 $146 ({Predecessor:} 10... Nc5 11. Bc2 a5 12. a3 a4 13. Be3 Nb3 14. Rb1 Ng4 15. Bg5 f6 16. Bh4 Qd7 {1-0 (52) Schlosser,P (2501)-Bharath,S (2231) Pardubice 2018}) 11. a3 Nh5 12. Rb1 Nc5 13. Bc2 $1 Bc8 14. b4 axb4 15. axb4 Na6 16. Bg5 Qe8 17. Ba4 Bd7 18. Bxd7 Qxd7 19. Be3 Qe7 20. Nd2 Nf4 21. Nf1 Qd7 22. Ng3 h5 23. Nge2 Qg4 {[%csl Gf4][%cal Rg4g2]} 24. Nxf4 exf4 25. f3 Qg5 26. Bd4 Be5 27. Nb5 Qh4 {[#]} (27... h4 $14) 28. Re2 $1 $18 Rac8 {[#]} (28... Bxd4+ $142 29. Qxd4 (29. Nxd4 Nb8 $16) 29... Rac8) 29. Ra2 $2 (29. Bxe5 $1 $18 dxe5 30. Ra2) 29... Nb8 (29... Bxd4+ $16 30. Nxd4 Nb8) 30. Ra7 (30. Bxe5 $18 dxe5 31. c5) 30... Bxd4+ (30... Nd7 $16 31. Rc1 (31. Nxc7 Qd8 $16) (31. Rxc7 Rxc7 32. Nxc7 Rc8 $16) 31... Bxd4+ 32. Qxd4 Qd8) 31. Qxd4 c5 32. Qf2 Qd8 33. Qd2 cxb4 34. Rxb4 g5 $2 {[#]} (34... Nd7 {is more resistant.} 35. Nxd6 Rc7) 35. h4 $1 {[%cal Bh2h4,Bh4g5][%mdl 544]} Nd7 {Now ...Ne5 and Black clings on.} (35... gxh4 36. Qxf4) 36. Nxd6 Rc7 37. Rxc7 Qxc7 38. Nf5 Qc5+ $2 (38... g4 39. Rb1 (39. Qd4 Qc5 $18) 39... gxf3 40. gxf3 Kh7) 39. Kh2 Ne5 40. hxg5 Ra8 41. Qd4 $2 (41. Qb2 Re8 42. Rxb6) 41... Qxb4 $2 (41... Qxd4 42. Nxd4 Ra2) 42. Qxe5 {[%csl Gf5][%cal Re5g7][%mdl 4096] Endgame KQR-KQN} Qf8 43. Nh6+ Kh7 44. Qf5+ Kg7 45. Qf6+ Kh7 46. Qf5+ Kg7 47. Qf6+ Kh7 48. Qf5+ $2 {Precision: White = 57%, Black = 29%.} (48. Nxf7 $18 Qg7 49. Qf5+ Qg6 50. Qd7) 1/2-1/2